000 00866nam a22002537a 4500
003 BUBTL
008 160126b xxu||||| |||| 00| 0 eng d
020 _a9780071077750
082 _222
_a621.319/ K8486m/ 2011
100 _94339
_aKothari, D. P.
245 _aModern Power System Analysis /
_cD. P. Kothari, I.J. Nagrath
250 _a4th Edn.
260 _aNew Delhi:
_bMcGraw Hill Education ( India ) Private Limited,
_cc2011
300 _axiv, 776 p.:
_bill,tables,;
_c23 cm.
440 _9244
_aMATLAB Examples
500 _aIncludes Index
505 _aModern Power System Analysis, Power System, D. P. Kothari, I.J. Nagrath
650 0 _94295
_aElectrical and Electronic Engineering
700 _94340
_a Nagrath, I.J.
760 _b4th
856 _k0
_l0
_yDownload
942 _2ddc
_cBK
999 _c5113
_d5113